No room for horse traders (Record no. 74635)

MARC details
000 -LEADER
fixed length control field 01162cab a2200241 4500
001 - CONTROL NUMBER
control field ABS68444
008 - FIXED-LENGTH DATA ELEMENTS--GENERAL INFORMATION
fixed length control field 041125n2004 000 0 eng u
035 ## - SYSTEM CONTROL NUMBER
System control number (Sirsi) u128149
100 ## - MAIN ENTRY--PERSONAL NAME
Personal name Johnson, D.
245 ## - TITLE STATEMENT
Title No room for horse traders
260 ## - PUBLICATION, DISTRIBUTION, ETC.
Date of publication, distribution, etc. 2004
490 ## - SERIES STATEMENT
Series statement Building
Volume/sequential designation 269(8356) 5 November 2004, 52-53(2)
520 ## - SUMMARY, ETC.
Summary, etc. Discusses the consequences of "Lumbermens Mutual Casualty Co v Bovis Lend Lease Ltd" ([2004] EWHC 2197 (Comm), [2005] BLR 47)). Here the method of settling a dispute with a simple 'global figure' was called into question as the judge argued that a settlement of this type did not satisfy the requirement of loss under a liability insurance policy. To give rise to such a claim, the insured's liability to third party must be ascertained and determined to exist by a court judgment, arbitrators award or a settlement agreement.
590 ## - LOCAL NOTE (RLIN)
Local note ABS
650 ## - SUBJECT ADDED ENTRY--TOPICAL TERM
Topical term or geographic name entry element LUMBERMENS MUTUAL CASULTY CO V BOVIS LEND LEASE
650 ## - SUBJECT ADDED ENTRY--TOPICAL TERM
Topical term or geographic name entry element LIABILITY INSURANCE
650 ## - SUBJECT ADDED ENTRY--TOPICAL TERM
Topical term or geographic name entry element GLOBAL CLAIMS
650 ## - SUBJECT ADDED ENTRY--TOPICAL TERM
Topical term or geographic name entry element INSURED RISK
650 ## - SUBJECT ADDED ENTRY--TOPICAL TERM
Topical term or geographic name entry element BRAEHEAD RETAIL AND LEISURE CENTRE
650 ## - SUBJECT ADDED ENTRY--TOPICAL TERM
Topical term or geographic name entry element GLASGOW
690 ## - LOCAL SUBJECT ADDED ENTRY--TOPICAL TERM (OCLC, RLIN)
Topical term or geographic name as entry element Insurance
9 (RLIN) 6249
942 ## - ADDED ENTRY ELEMENTS (KOHA)
Suppress in OPAC 0
Holdings
Withdrawn status Lost status Source of classification or shelving scheme Damaged status Not for loan Home library Current library Shelving location Date acquired Total Checkouts Full call number Barcode Date last seen Copy number Price effective from Koha item type
    Dewey Decimal Classification     London London Journal article 25/11/2004   ABS68444 128149-1001 06/08/2019 1 06/08/2019 Journal article